banner koha

Can tortoises facilitate the germination of plants with dry fruits? A simulation of the effects of Chelonoidis carbonarius (Testudines: Testudinidae) on the germination of Leucaena leucocephala (Fabaceae) (Registro n. 330720)

MARC details
000 -LÍDER
fixed length control field 03511nab a2200277 i 4500
003 - CÓDIGO MARC DA AGÊNCIA CATALOGADORA
Campo de controle BR-BrBNA
005 - DATA E HORA DA ÚLTIMA ATUALIZAÇÃO
Campo de controle 20250328094450.0
008 - CAMPO DE TAMANHO FIXO
fixed length control field 250328b2016 bl.qr|pooa||| 00| 0 eng |
040 ## - FONTE DA CATALOGAÇÃO
Agência catalogadora BR-BrBNA
Idioma da catalogação eng
072 ## - CATEGORIA AGRIS
Código AGRIS F03
072 ## - CATEGORIA AGRIS
Código AGRIS F62
100 ## - ENTRADA PRINCIPAL - NOME PESSOAL
Nome pessoal Rodrigues, João Fabrício Mota
100 ## - ENTRADA PRINCIPAL - NOME PESSOAL
Nome pessoal Oliveira, Sâmia Paiva de
245 ## - TÍTULO PRINCIPAL
Título principal Can tortoises facilitate the germination of plants with dry fruits? A simulation of the effects of Chelonoidis carbonarius (Testudines: Testudinidae) on the germination of Leucaena leucocephala (Fabaceae)
500 ## - NOTA GERAL
Nota geral Publicação on-line; 32 ref.; 1 table; 2 illus.; Summaries (En, Pt)
942 ## - ADDED ENTRY ELEMENTS (KOHA)
Koha item type Analítica
520 ## - NOTA DE RESUMO
Nota de conteúdo <br/><br/>Abstract<br/><br/>Ingestion of seeds by vertebrates may influence seed germination and dispersion. However the mechanisms<br/>responsible by these effects and the importance of turtles in these interactions are still poorly understood. This<br/>study aims to evaluate how Chelonoidis carbonarius influences the germination process of Leucaena leucocephala<br/>using an experiment conducted at the Federal University of Ceará, Fortaleza-CE, Brazil, that simulates the passage<br/>of the seeds of this plant through the digestive tract of C. carbonarius: stomach acidic condition and seeds sown<br/>in feces. We demonstrated that sowing the seeds in feces of Chelonoidis carbonarius has a negative effect on the<br/>germination of Leucaena leucocephala, decreasing the germination speed index of the seeds, while the acidic<br/>conditions have a neutral one. This study is a first attempt to understand how turtles and tortoises may influence<br/>the seed germination, and the implications of these findings in natural environments deserve further investigations.<br/><br/>Key words: acidic conditions, germination speed index, invasive species, simulation, turtles.<br/><br/><br/><br/><br/>Resumo<br/><br/>A ingestão de sementes por vertebrados pode influenciar a germinação e a dispersão dessas sementes, porém pouco<br/>se sabe sobre os processos responsáveis por essa influência e sobre a importância dos quelônios nessas interações.<br/>Este estudo tem como objetivo avaliar como Chelonoidis carbonarius influencia o processo de germinação de<br/>Leucaena leucocephala usando um experimento conduzido na Universidade Federal do Ceará, Fortaleza-CE, Brasil,<br/>que simula a passagem das sementes dessa planta através do trato digestivo de C. carbonarius: condições ácidas<br/>do estômago do animal e a semeadura das sementes nas fezes. Foi demonstrado que a semeadura das sementes<br/>nas fezes de Chelonoidis carbonarius tem um efeito negativo sobre a germinação de Leucaena leucocephala, diminuindo <br/>o índice de velocidade de germinação das sementes, ao passo que as condições ácidas tem um efeito<br/>neutro. Este estudo é uma primeira tentativa de entender como os jabutis podem influenciar a germinação das<br/>sementes e as implicações destes resultados em ambientes naturais merecem mais investigações.<br/><br/>Palavras-chave: condições ácidas, índice de velocidade de germinação, espécies invasoras, simulação, quelônios
650 ## - ASSUNTO - THESAGRO
Cabeçalho tópico ou nome geográfico GERMINAÇÃO
650 ## - ASSUNTO - THESAGRO
Cabeçalho tópico ou nome geográfico SEMENTE
650 ## - ASSUNTO - THESAGRO
Cabeçalho tópico ou nome geográfico ERVA DANINHA
650 ## - ASSUNTO - THESAGRO
Cabeçalho tópico ou nome geográfico SIMULAÇÃO
650 ## - ASSUNTO - THESAGRO
Cabeçalho tópico ou nome geográfico JABUTI
773 0# - ENTRADA ANALÍTICA
Host Biblionumber 709
Registro do item 349459
Imprenta Rio de Janeiro-RJ Jardim Botanico do Rio de Janeiro 1935
Outro identificador 2025-1979
Título Rodriguésia (Brazil)
ISSN 0370-6583; 2175-7860 on-line
Colação v. 67(3) p. 661-666; (2016)
Número de controle de registro BR2025000184
856 ## - ACESSO E ENDEREÇO ELETRÔNICO
Identificador uniforme de recurso - URI https://www.scielo.br/j/rod/a/g985c9nTRYzkkwzxZsVqv3z/?format=pdf&lang=en

Nenhum exemplar disponível.

BINAGRI

Telefone: (61)3218-2567/2388/3357/2097 - binagri@agro.gov.br

Ministério da Agricultura e Pecuária , Esplanada dos Ministérios, Bloco D, Anexo B, Brasília/DF, CEP: 70.043-900